| 000 | 01396nam a2200229Ia 4500 | ||
|---|---|---|---|
| 003 | PE SENCICO BE | ||
| 005 | 20251020182424.0 | ||
| 008 | 200515s9999 xx 000 0 und d | ||
| 040 |
_aPE SENCICO BE _cPE SENCICO BE |
||
| 041 | _aspa | ||
| 082 |
_a516.22 _bS21 |
||
| 100 | 1 |
_aSantivañez Marín, José _92134 _eautor |
|
| 245 | 1 | 0 |
_aGeometría : _bplana y del espacio / _cJosé Santivañez Marín |
| 250 | _a4a ed. | ||
| 260 |
_aLima : _bProesan ; _c1992 |
||
| 300 |
_a1034 p. : _bgraf., tbl. ; _c20 cm. |
||
| 490 | _aColección Euclides | ||
| 505 | 0 | _aLineas y segmentos -- Números de puntos de intersección -- Medidas de ángulos -- Generalidades sobre polígonos -- Triángulo -- Simetría en el plano -- Rectas y paralelas -- Suma de medidas angulares -- Cuadriláteros -- Lineas concurrentes en el triángulo -- Circunferencia -- Angulos de la circuneferencia -- Segmentos proporcionales y semejanza de triangulos -- Relaciones métricas entre las líneas de una circunferencia -- Poligonos regulares convexos -- Longitud de la circunferencia -- Area de las figuras planas -- Comparación de areas -- Figuras planas equivalentes -- Superficies en el espacio -- Perpendiculares y oblicuas con relación a un plano -- Paralelas con relación a un plano -- Angulos diedros -- Angulos triedros | |
| 650 | 1 | 0 |
_aGeometría plana _91020 |
| 650 | 2 | 0 |
_aMatemáticas _92106 |
| 942 |
_cLIB _2ddc |
||
| 999 |
_c47 _d47 |
||